[Event "Wch U16 Girls"]
[Site "Montesilvano"]
[Date "2023.11.24"]
[Round "11"]
[White "Zelbova, Lada"]
[Black "Levchenko, Marina"]
[Result "1-0"]
[WhiteElo "2057"]
[BlackElo "1700"]
[PlyCount "109"]
[EventDate "2023.11.13"]
[EventType "swiss"]
[EventRounds "11"]
[EventCountry "ITA"]
[SourceTitle "CB48_2023"]
[SourceDate "2023.11.29"]
[SourceVersion "1"]
[SourceVersionDate "2023.11.29"]
[SourceQuality "1"]

1. d4 d5 2. Nf3 e6 3. Bf4 Nf6 4. e3 Bd6 5. Bg3 0-0 6. Nbd2 c5 7. c3 Qc7 8. Bd3 Nbd7 9. Rc1 b6 10. e4 dxe4 11. Bxd6 Qxd6 12. Nxe4 Qe7 13. 0-0 Bb7 14. Re1 Rfd8 15. Nxf6+ Nxf6 16. Qe2 Rac8 17. Ba6 Rc7 18. Bxb7 Rxb7 19. Rcd1 Rc7 20. Rd2 c4 21. Ne5 Rdc8 22. f4 Nd5 23. Qf3 Qd6 24. g3 Ne7 25. Rde2 Qd5 26. Qf2 b5 27. Ng4 Qc6 28. Re5 h6 29. Ne3 Nd5 30. f5 Nxe3 31. R1xe3 exf5 32. Qxf5 g6 33. Qf4 Kg7 34. Re7 Qf6 35. Qxc7 Rxc7 36. Rxc7 Qf5 37. Re2 a6 38. a3 Qb1+ 39. Kg2 Qf5 40. Rce7 Qd5+ 41. Kg1 h5 42. Rf2 a5 43. Rfxf7+ Qxf7 44. Rxf7+ Kxf7 45. Kf2 Kf6 46. Kf3 Kf5 47. h3 g5 48. g4+ hxg4+ 49. hxg4+ Kf6 50. Ke4 Ke6 51. d5+ Kd6 52. Kd4 Ke7 53. Kc5 Kf6 54. Kxb5 Ke5 55. Kc6 1-0

[Event "Wch U16 Girls"]
[Site "Montesilvano"]
[Date "2023.11.22"]
[Round "9"]
[White "Ismayil, Seljan"]
[Black "Levchenko, Marina"]
[Result "0-1"]
[WhiteElo "1384"]
[BlackElo "1700"]
[PlyCount "96"]
[EventDate "2023.11.13"]
[EventType "swiss"]
[EventRounds "11"]
[EventCountry "ITA"]
[SourceTitle "CB48_2023"]
[SourceDate "2023.11.29"]
[SourceVersion "1"]
[SourceVersionDate "2023.11.29"]
[SourceQuality "1"]

1. d4 d5 2. c4 e6 3. Nc3 Be7 4. Nf3 Nf6 5. Bf4 0-0 6. e3 b6 7. cxd5 Nxd5 8. Nxd5 Qxd5 9. a3 c5 10. dxc5 bxc5 11. Be2 Bb7 12. Qxd5 exd5 13. 0-0 Nc6 14. Rfd1 Rfd8 15. Bb5 Rac8 16. Rac1 Nb8 17. Ne5 f6 18. Nd3 Nd7 19. Bxd7 Rxd7 20. Bg3 Kf7 21. e4 c4 22. Nf4 d4 23. Ne2 Bxe4 24. Rxd4 Rxd4 25. Nxd4 Bd3 26. Nb5 a6 27. Nc3 Rc6 28. Re1 Re6 29. Rxe6 Kxe6 30. f3 f5 31. Kf2 Bc2 32. Ke1 Bg5 33. f4 Bf6 34. Kd2 Be4 35. Na4 Bxg2 36. Nc5+ Kd6 37. Nxa6 Bxb2 38. a4 Be4 39. Nb4 c3+ 40. Kd1 Kc5 41. Nc2 Kc4 42. a5 Kb5 43. a6 Kxa6 44. Bf2 Kb5 45. Bd4 g6 46. Bf6 Kc4 47. Be7 Kb3 48. Nd4+ Ka2 0-1

[Event "Wch U16 Girls"]
[Site "Montesilvano"]
[Date "2023.11.18"]
[Round "6"]
[White "Levchenko, Marina"]
[Black "Schebacher, Solene"]
[Result "0-1"]
[WhiteElo "1700"]
[BlackElo "1859"]
[PlyCount "97"]
[EventDate "2023.11.13"]
[EventType "swiss"]
[EventRounds "11"]
[EventCountry "ITA"]
[SourceTitle "CB48_2023"]
[SourceDate "2023.11.29"]
[SourceVersion "1"]
[SourceVersionDate "2023.11.29"]
[SourceQuality "1"]

1. d4 Nf6 2. c4 e6 3. Nc3 Bb4 4. e3 b6 5. Nge2 Ba6 6. a3 Be7 7. Nf4 d5 8. cxd5 Bxf1 9. Kxf1 exd5 10. f3 0-0 11. Kf2 Qd7 12. Qd3 a5 13. b3 c6 14. g4 Bd6 15. Nce2 Na6 16. g5 Ne8 17. h4 Nac7 18. Bb2 Rd8 19. Rag1 Ne6 20. Nh5 Qe7 21. a4 f5 22. f4 Bc7 23. Rc1 c5 24. Nhg3 Nd6 25. Ba3 Ne4+ 26. Nxe4 dxe4 27. Qc4 Bd6 28. d5 Nc7 29. Nc3 Qf7 30. Rcd1 Rd7 31. Rd2 Rfd8 32. Kg3 Qh5 33. Qe2 Qxe2 34. Rxe2 Be7 35. Rd1 Nxd5 36. Nxd5 Rxd5 37. Rxd5 Rxd5 38. Bc1 Rd3 39. Rb2 Bf8 40. h5 Kf7 41. Bd2 Be7 42. Kf2 Ke6 43. Ke2 Kd5 44. Rb1 Bd8 45. Be1 c4 46. bxc4+ Kxc4 47. Rb5 Rd5 48. Rb1 g6 49. hxg6 0-1

[Event "EU-ch U16 Girls rapid"]
[Site "Terme Catez"]
[Date "2023.09.29"]
[Round "7"]
[White "Levchenko, Marina"]
[Black "Tadic, Ana"]
[Result "0-1"]
[WhiteElo "1780"]
[BlackElo "1743"]
[PlyCount "80"]
[EventDate "2023.09.28"]
[EventType "swiss (rapid)"]
[EventRounds "9"]
[EventCountry "SLO"]
[SourceTitle "EXT 2024"]
[Source "ChessBase"]
[SourceDate "2023.10.10"]
[SourceVersion "1"]
[SourceVersionDate "2023.10.10"]
[SourceQuality "1"]

1. d4 Nf6 2. c4 c5 3. d5 e6 4. Nc3 exd5 5. cxd5 d6 6. Nf3 g6 7. Nd2 Bg7 8. e4 0-0 9. Be2 Na6 10. 0-0 Nc7 11. f4 Rb8 12. a4 a6 13. a5 Re8 14. h3 Bd7 15. Bd3 Bb5 16. Qc2 Bxd3 17. Qxd3 Nb5 18. Re1 Nd4 19. Ne2 Nh5 20. Nf3 c4 21. Qd1 Nb3 22. Ra4 Rxe4 23. Nc3 Rxe1+ 24. Qxe1 Nxa5 25. Ne4 b6 26. Bd2 Qe8 27. Ra2 Qd8 28. Bxa5 bxa5 29. Qxa5 Qxa5 30. Rxa5 Rb6 31. Nfd2 Bd4+ 32. Kh2 Rxb2 33. Nxc4 Rc2 34. Ncxd6 Nxf4 35. Kg3 Ne2+ 36. Kf3 Ng1+ 37. Kg3 Be5+ 38. Kh4 Rxg2 39. Ng3 Rxg3 40. Ne4 Nf3# 0-1

[Event "EST-ch (Women)"]
[Site "Tallinn"]
[Date "2022.12.14"]
[Round "5"]
[White "Levchenko, Marina"]
[Black "Ivanova, Lidia"]
[Result "0-1"]
[WhiteElo "1625"]
[BlackElo "1482"]
[PlyCount "118"]
[EventDate "2022.12.10"]
[EventType "tourn"]
[EventRounds "5"]
[EventCountry "EST"]
[SourceTitle "CBM 211 Extra"]
[Source "ChessBase"]
[SourceDate "2023.01.31"]
[SourceVersion "1"]
[SourceVersionDate "2023.01.31"]
[SourceQuality "1"]

1. d4 Nf6 2. c4 g6 3. Nc3 d5 4. cxd5 Nxd5 5. e4 Nxc3 6. bxc3 Bg7 7. Bc4 c5 8. Ne2 0-0 9. 0-0 Qa5 10. Be3 Nc6 11. Rc1 e6 12. f4 b5 13. Bb3 c4 14. Bc2 Rb8 15. f5 exf5 16. exf5 Qd8 17. Qd2 Re8 18. Ng3 b4 19. Qf2 bxc3 20. f6 Rxe3 21. fxg7 Re7 22. Ne2 Bg4 23. Rce1 Rbb7 24. Nxc3 Qxd4 25. Qxd4 Nxd4 26. Be4 Ne2+ 27. Nxe2 Rxe4 28. Nc3 Rxe1 29. Rxe1 Be6 30. Re2 Kxg7 31. Kf2 h5 32. h3 Rd7 33. Ne4 Bf5 34. Nc3 Rd3 35. Re3 Rd2+ 36. Re2 Rxe2+ 37. Kxe2 Bd3+ 38. Ke3 g5 39. g3 h4 40. gxh4 gxh4 41. Kf4 a6 42. Kg5 Bf1 43. Ne4 Bxh3 44. Kxh4 Bf1 45. Kg5 Be2 46. Nc3 Bd3 47. Nd5 Bb1 48. Nc3 f6+ 49. Kf4 Bd3 50. Nd5 Kf7 51. Ke3 a5 52. Kd4 f5 53. Ke5 Kg6 54. Nf4+ Kg5 55. Nd5 Kg4 56. Nf4 Bb1 57. a3 c3 58. a4 c2 59. Ne2 f4 0-1

[Event "Panevezys op-B"]
[Site "Panevezys"]
[Date "2022.07.03"]
[Round "7"]
[White "Levchenko, Marina"]
[Black "Polakovs, Viktors"]
[Result "0-1"]
[WhiteElo "1433"]
[BlackElo "1837"]
[PlyCount "94"]
[EventDate "2022.07.01"]
[EventType "swiss"]
[EventRounds "7"]
[EventCountry "LTU"]
[SourceTitle "EXT 2023"]
[Source "ChessBase"]
[SourceDate "2022.10.05"]
[SourceVersion "1"]
[SourceVersionDate "2022.10.05"]
[SourceQuality "1"]

1. c4 e5 2. Nc3 Nc6 3. g3 d6 4. Bg2 Be6 5. b3 Qd7 6. e3 Nf6 7. d4 exd4 8. exd4 Bf5 9. a3 Be7 10. Nge2 0-0 11. 0-0 Rfe8 12. Re1 h6 13. Bb2 Bf8 14. Qd2 a6 15. Nf4 g5 16. Nfd5 Nxd5 17. Nxd5 Bg7 18. Rad1 Rac8 19. f4 gxf4 20. Nxf4 Rxe1+ 21. Rxe1 Re8 22. Rxe8+ Qxe8 23. Nd5 Qd7 24. Qe3 b5 25. cxb5 axb5 26. Bf1 Nd8 27. Ne7+ Kf8 28. Nxf5 Qxf5 29. Bd3 Qd5 30. Be4 Qh5 31. Qd2 Qg4 32. Bg2 Ne6 33. d5 Bxb2 34. Qxb2 Qd1+ 35. Kf2 Nd4 36. b4 Qd3 37. Qc1 Kg7 38. Qe3 Qxe3+ 39. Kxe3 Nc2+ 40. Kd2 Nxa3 41. Bf1 Kf6 42. Kc3 Ke5 43. Bg2 Nc4 44. Bf3 Ne3 45. Kd2 Nxd5 46. Be2 c6 47. Bf3 Nxb4 0-1

[Event "EST-ch (Women)"]
[Site "Tallinn"]
[Date "2021.12.16"]
[Round "6"]
[White "Levchenko, Marina"]
[Black "Ivanova, Lidia"]
[Result "1-0"]
[WhiteElo "1367"]
[BlackElo "1443"]
[PlyCount "65"]
[EventDate "2021.12.11"]
[EventType "tourn"]
[EventRounds "7"]
[EventCountry "EST"]
[SourceTitle "EXT 2023"]
[Source "ChessBase"]
[SourceDate "2022.10.05"]
[SourceVersion "1"]
[SourceVersionDate "2022.10.05"]
[SourceQuality "1"]

1. c4 Nf6 2. Nc3 g6 3. d4 d5 4. cxd5 Nxd5 5. e4 Nxc3 6. bxc3 c5 7. Be3 Bg7 8. h3 0-0 9. Qd2 Qa5 10. Rc1 cxd4 11. cxd4 Qxd2+ 12. Kxd2 Rd8 13. Ke1 Na6 14. Nf3 Nb4 15. a3 Nc6 16. d5 Ne5 17. Nd4 Nc6 18. Nb5 Na5 19. Nc7 Bd7 20. Nxa8 Rxa8 21. Rc7 Ba4 22. Bd2 b6 23. Bb4 e6 24. dxe6 fxe6 25. Ba6 Bd4 26. Ke2 Nb3 27. Bc3 Rf8 28. f3 e5 29. Bc4+ Kh8 30. Bxb3 Bxb3 31. Bxd4 exd4 32. Rb1 Bc2 33. Rxc2 1-0

[Event "EST-ch (Women)"]
[Site "Tallinn"]
[Date "2021.12.14"]
[Round "4"]
[White "Levchenko, Marina"]
[Black "Haapsal, Maria Ioanna"]
[Result "1-0"]
[WhiteElo "1367"]
[BlackElo "1441"]
[PlyCount "107"]
[EventDate "2021.12.11"]
[EventType "tourn"]
[EventRounds "7"]
[EventCountry "EST"]
[SourceTitle "EXT 2023"]
[Source "ChessBase"]
[SourceDate "2022.10.05"]
[SourceVersion "1"]
[SourceVersionDate "2022.10.05"]
[SourceQuality "1"]

1. c4 c5 2. Nf3 Nf6 3. d4 cxd4 4. Nxd4 d5 5. cxd5 Nxd5 6. e4 Nb4 7. Qa4+ N8c6 8. Nxc6 Nxc6 9. Be3 e6 10. a3 Bd7 11. Qd1 Be7 12. Be2 0-0 13. Nc3 Rc8 14. 0-0 a6 15. Rc1 Qc7 16. Na4 b5 17. Nb6 Rcd8 18. Qc2 Be8 19. a4 Qb8 20. axb5 Nb4 21. Qb3 axb5 22. Rfd1 Rxd1+ 23. Rxd1 Qb7 24. e5 Qc7 25. Qc3 Qb7 26. Nc8 Nd5 27. Nxe7+ Qxe7 28. Qc5 Qb7 29. Ra1 Nxe3 30. Qxe3 Bc6 31. Ra7 Qb8 32. h3 h6 33. Qc5 Rc8 34. Qe3 Rf8 35. Qc5 Rc8 36. Qe3 Rc7 37. Rxc7 Qxc7 38. Qc5 Qb7 39. Bf1 Qc7 40. Bxb5 Qa5 41. Qxc6 Qa1+ 42. Kh2 Qxb2 43. Qe8+ Kh7 44. Bd3+ g6 45. Qxf7+ Kh8 46. Qf6+ Kg8 47. Qxe6+ Kg7 48. Qf6+ Kg8 49. Bxg6 Qb7 50. e6 Qc7+ 51. f4 h5 52. e7 Qxf4+ 53. Qxf4 h4 54. Qf8# 1-0

[Event "EU-ch U12 Girls"]
[Site "Bratislava"]
[Date "2019.08.02"]
[Round "1"]
[White "Huang, Wendy"]
[Black "Levchenko, Marina"]
[Result "1/2-1/2"]
[WhiteElo "1784"]
[BlackElo "1420"]
[PlyCount "95"]
[EventDate "2019.08.02"]
[EventType "swiss"]
[EventRounds "9"]
[EventCountry "SVK"]
[SourceTitle "EXT 2020"]
[Source "ChessBase"]
[SourceDate "2019.10.17"]
[SourceVersion "1"]
[SourceVersionDate "2019.10.17"]
[SourceQuality "1"]

1. e4 c5 2. Nf3 d6 3. d4 cxd4 4. Nxd4 Nf6 5. Nc3 a6 6. f4 e6 7. a4 Be7 8. Bc4 Nxe4 9. Nxe4 d5 10. Bd3 dxe4 11. Bxe4 Qc7 12. 0-0 0-0 13. Nb3 Bd7 14. Kh1 Bc6 15. Qe2 Bxe4 16. Qxe4 Nc6 17. Be3 a5 18. c3 Bf6 19. Rad1 Rfd8 20. Qf3 Ne7 21. Nd4 Bxd4 22. Bxd4 Nc6 23. Be3 Ne7 24. g3 Nf5 25. Bf2 b6 26. Kg1 Ne7 27. Bd4 Nc6 28. Be3 Ne7 29. Qe2 Nf5 30. Bf2 Qc6 31. Qb5 Qxb5 32. axb5 Rdb8 33. Rd7 Kf8 34. Rfd1 Ke8 35. g4 Ne7 36. c4 Nd5 37. Rd6 Ke7 38. Rc6 Nxf4 39. Bxb6 Ng6 40. c5 Ne5 41. Rc7+ Kf6 42. Rf1+ Kg5 43. Re7 Nc4 44. Rfxf7 Nxb6 45. Rxg7+ Kf4 46. cxb6 Rxb6 47. Rxh7 Kxg4 48. Rb7 1/2-1/2

[Event "EU-ch U12 Girls 28th"]
[Site "Riga"]
[Date "2018.08.21"]
[Round "2"]
[White "Levchenko, Marina"]
[Black "Sala, Giulia"]
[Result "1-0"]
[WhiteElo "1287"]
[BlackElo "1723"]
[PlyCount "45"]
[EventDate "2018.08.20"]
[EventType "swiss"]
[EventRounds "9"]
[EventCountry "LAT"]
[SourceTitle "CBM 186 Extra"]
[Source "ChessBase"]
[SourceDate "2018.08.24"]
[SourceVersion "1"]
[SourceVersionDate "2018.08.24"]
[SourceQuality "1"]

1. c4 e5 2. Nc3 Nf6 3. Nf3 Nc6 4. g3 Bc5 5. Bg2 0-0 6. 0-0 d6 7. d3 a6 8. a3 Bf5 9. b4 Bb6 10. Bb2 Re8 11. Qd2 Qd7 12. Rfd1 Be6 13. Rac1 Rad8 14. e3 Bg4 15. Re1 Ba7 16. Ng5 h6 17. Nge4 Nxe4 18. Nxe4 Bh3 19. Bh1 Re7 20. d4 b5 21. Nc3 exd4 22. Nd5 Rde8 23. exd4 1-0

[Event "EU-ch U10 Girls 27th"]
[Site "Mamaia"]
[Date "2017.09.11"]
[Round "6"]
[White "Levchenko, Marina"]
[Black "Asryan, Anush"]
[Result "1-0"]
[WhiteElo "1137"]
[BlackElo "1287"]
[PlyCount "189"]
[EventDate "2017.09.05"]
[EventType "swiss"]
[EventRounds "9"]
[EventCountry "ROU"]
[SourceTitle "CBM 180 Extra"]
[Source "ChessBase"]
[SourceDate "2017.10.06"]
[SourceVersion "1"]
[SourceVersionDate "2017.10.06"]
[SourceQuality "1"]

1. e4 e5 2. Nf3 Nc6 3. Bb5 a6 4. Ba4 Nf6 5. 0-0 Be7 6. Re1 b5 7. Bb3 0-0 8. c3 d5 9. d3 Bg4 10. h3 Bh5 11. Nbd2 d4 12. Nf1 Bg6 13. Ng3 Nh5 14. Nxh5 Bxh5 15. Bd5 Bxf3 16. Qxf3 Qd7 17. Bd2 Rad8 18. Red1 dxc3 19. Bxc3 Bf6 20. Rac1 Ne7 21. Bb3 c5 22. Qe3 Qd6 23. a3 h6 24. Qe2 Ng6 25. g3 Ne7 26. Ba2 Nc6 27. Bb1 b4 28. axb4 cxb4 29. Be1 Nd4 30. Qf1 Qe6 31. Bxb4 Rfe8 32. Bc3 Bg5 33. Ba5 Bxc1 34. Bxd8 Bxb2 35. Ba5 Ba3 36. Bc3 Nf3+ 37. Kg2 Qf6 38. Qe2 Ng5 39. Bd2 Ne6 40. Be3 Rb8 41. Ba2 Nc7 42. Bc4 Nb5 43. Rb1 Qe7 44. Qc2 Qd7 45. Qa4 Qd6 46. Bxb5 axb5 47. Rxb5 Rc8 48. Rd5 Qe7 49. Qd7 Qxd7 50. Rxd7 Bc5 51. Bxc5 Rxc5 52. Rd5 Rxd5 53. exd5 Kf8 54. Kf3 f5 55. g4 g6 56. gxf5 gxf5 57. d4 exd4 58. Ke2 Ke7 59. Kd3 Kd6 60. Kxd4 f4 61. f3 h5 62. h4 Kd7 63. Ke5 Ke7 64. d6+ Kd7 65. Kd5 Kd8 66. Ke6 Ke8 67. Kf5 Kd7 68. Kxf4 Kxd6 69. Kg5 Ke6 70. Kxh5 Kf5 71. Kh6 Kf6 72. h5 Kf7 73. Kg5 Kg7 74. f4 Kf7 75. f5 Kg7 76. h6+ Kh7 77. Kh5 Kg8 78. Kg6 Kh8 79. f6 Kg8 80. h7+ Kh8 81. Kf7 Kxh7 82. Ke7 Kg6 83. f7 Kg7 84. f8Q+ Kg6 85. Qh8 Kf5 86. Kf7 Ke4 87. Qh5 Kd4 88. Ke6 Kc4 89. Qd5+ Kb4 90. Ke5 Kc3 91. Ke4 Kb4 92. Kd4 Ka3 93. Kc3 Ka4 94. Qc6+ Ka3 95. Qa8# 1-0

[Event "EU-ch U10 Girls 26th"]
[Site "Prague"]
[Date "2016.08.25"]
[Round "7"]
[White "Rozmanec, Pia"]
[Black "Levchenko, Marina"]
[Result "1-0"]
[WhiteElo "1094"]
[BlackElo "1240"]
[PlyCount "101"]
[EventDate "2016.08.18"]
[EventType "swiss"]
[EventRounds "9"]
[EventCountry "CZE"]
[SourceTitle "CBM 174 Extra"]
[Source "ChessBase"]
[SourceDate "2016.10.10"]
[SourceVersion "1"]
[SourceVersionDate "2016.10.10"]
[SourceQuality "1"]

1. e4 e5 2. Nf3 Nc6 3. Bb5 a6 4. Bxc6 dxc6 5. 0-0 Bd6 6. d4 exd4 7. Qxd4 f6 8. Re1 Ne7 9. e5 Bxe5 10. Qxd8+ Kxd8 11. Nxe5 fxe5 12. Rxe5 Bf5 13. Bg5 Re8 14. Rxf5 h6 15. Bxe7+ Rxe7 16. Nc3 Ke8 17. h3 Rd8 18. Kh2 Rdd7 19. Rd1 Rxd1 20. Nxd1 Rd7 21. Ne3 Re7 22. Ng4 Kd7 23. Re5 Rf7 24. Re3 Kd8 25. Rf3 Re7 26. Rd3+ Kc8 27. Kg3 Rf7 28. Ne5 Re7 29. Kf4 Re6 30. Ke4 Re7 31. Rf3 Kd8 32. Rf8+ Re8 33. Rxe8+ Kxe8 34. Kf5 Kf8 35. Kg6 Kg8 36. Nd7 a5 37. Nc5 b6 38. Ne6 b5 39. Nxc7 a4 40. Ne6 Kh8 41. Nxg7 Kg8 42. Kxh6 c5 43. Ne6 c4 44. Nd4 b4 45. g4 Kh8 46. g5 c3 47. b3 axb3 48. axb3 Kg8 49. g6 Kh8 50. g7+ Kg8 51. f4 1-0